| 000 | 00865nac a22002537a 4500 | ||
|---|---|---|---|
| 001 | BR9700532 | ||
| 003 | BR-BrBNA | ||
| 005 | 20240105121837.0 | ||
| 008 | 230509b bl.|||m| |||| 00| 0 por d | ||
| 040 |
_aBR-BrBNA _bpor _cBiblioteca Nacional de Agricultura |
||
| 072 | _aE50 | ||
| 090 | _aE50 BR9700532 | ||
| 100 | 1 | _aPastore, J. | |
| 245 | 1 | _aBrasilia: a cidade e o homem; uma investigacao sociologica sobre os processos de migracao, adaptacao e planejamento urbano | |
| 260 | 3 |
_aSao Paulo, SP (Brasil): _bEd. Nacional/Ed da USP, _c1969. |
|
| 300 | _a176 p. | ||
| 490 |
_aBiblioteca Universitaria. Serie 2. Ciencias Sociais (Brazil) _vno. 30 _x |
||
| 500 | _aBibliography p. 125-130 | ||
| 650 | _aMigracao Rural Urbana | ||
| 650 | _aPopulacao Urbana | ||
| 650 | _aBrasilia | ||
| 909 |
_a202312 _bLúcia Elande _c55 _dLúcia Elande |
||
| 942 |
_2AGRIS _n0 _cMS |
||
| 999 |
_c287787 _d287787 |
||